LEADER 01553nam0 22003373i 450 001 SUN0092917 005 20130404121801.693 010 $a22-510-1022-X 100 $a20130305d1992 |0frec50 ba 101 $afre$aLAT 102 $aFR 105 $a|||| ||||| 200 1 $aPoésies$fCatulle$gtexte établi et traduit par Georges Lafaye 205 $a12. tirage revu et corrigé par S. Viarre 210 $aParis$cLes belles lettres$d1992 215 $aXXXVIII, 132 p. (1-100 doppie)$d20 cm. - Testo orig. a fronte. 410 1$1001SUN0092858$12001 $aCollection des universités de France. Série latine. - Paris$eLes belles lettres. - I volumi precedenti al 1991 vanno legati alla collezione principale. 620 $dParis$3SUNL000046 700 1$aCatullus$b, Gaius V.$3SUNV041015$0727858 702 1$aLafaye$b, Georges$3SUNV074759 712 $aLes belles lettres$3SUNV001952$4650 790 1$aCatullus, Gaius Valerius$zCatullus, Gaius V.$3SUNV056017 790 0$aCatullo$zCatullus, Gaius V.$3SUNV066443 790 1$aCatullo, Caio Valerio$zCatullus, Gaius V.$3SUNV066444 790 1$aCatullo, Gaio Valerio$zCatullus, Gaius V.$3SUNV066445 801 $aIT$bSOL$c20181109$gRICA 912 $aSUN0092917 950 $aUFFICIO DI BIBLIOTECA DEL DIPARTIMENTO DI GIURISPRUDENZA$d00 CONS XVIII.R.23 $e00 2414 995 $aUFFICIO DI BIBLIOTECA DEL DIPARTIMENTO DI GIURISPRUDENZA$h2414$kCONS XVIII.R.23$oc$qa 996 $aPoésies$91409167 997 $aUNICAMPANIA LEADER 03201nam 2200433 450 001 9910794236803321 005 20220619163525.0 010 $a1-68247-302-3 035 $a(CKB)4100000011624845 035 $aEBL5335503 035 $a(AU-PeEL)EBL5335503 035 $a(MiAaPQ)EBC5335503 035 $a(EXLCZ)994100000011624845 100 $a20220619d2018 uy 0 101 0 $aeng 135 $aur|n|---||||| 181 $ctxt$2rdacontent 182 $cc$2rdamedia 183 $acr$2rdacarrier 200 10$aRed crew $efighting the war on drugs with Reagan's coast guard /$fJim Howe 210 1$aAnnapolis, Maryland :$cNaval Institute Press,$d[2018] 210 4$d©2018 215 $a1 online resource (304 p.) 300 $aDescription based upon print version of record. 311 $a1-68247-555-7 330 $a"Red Crew is a first-hand account of U.S. Coast Guard anti-smuggling operations during the early years of the nation's maritime war on drugs. Jim Howe describes his experience as the executive officer of a specialized drug-hunting crew that sailed in then-state-of-the-art "surface effect ships," a small flotilla of high-speed vessels pressed into the drug war on short notice. In the early 1980s, South Florida and the Caribbean were awash in illicit drugs, with hundreds of smuggling organizations bringing huge loads of marijuana, and later cocaine, into the United States. To fight this epidemic, the Reagan administration led a massive effort to disrupt shore-side gangs while bolstering interdiction activity at sea. To increase the number of days at sea for each surface effect ship, a "multi-crewing" concept was employed, with four teams of sixteen sailors--the Red, Blue, Green, and Gold Crews--rotating among three hulls. Through its first-person narrative, Red Crew offers a rare glimpse into the day-to-day pressures, challenges, failures, and successes of Coast Guard cuttermen as they carried out complex and dangerous missions. Red Crew provides a unique historical view of the early days in the Coast Guard's war on drugs, and is the only book-length history of the diminutive, one-of-a-kind surface effect ship fleet. "--$cProvided by publisher. 330 $a"Red Crew is a first-hand account of U.S. Coast Guard anti-smuggling operations during the early years of the U.S. maritime war on drugs. Jim Howe describes his experience as the executive officer of a specialized drug-hunting crew that sailed in then-state-of-the-art "surface effect ships," a small flotilla of high-speed vessels pressed into the drug war on short notice. Through its first-person narrative, Red Crew offers a rare glimpse into the day-to-day pressures, challenges, failures, and successes of Coast Guard cuttermen as they carried out complex and dangerous missions"--$cProvided by publisher. 606 $aAeronautics in police work$zUnited States 615 0$aAeronautics in police work 676 $a363.284 686 $aHIS027150$2bisacsh 700 $aHowe$b Jim$f1961-$01556794 801 0$bMiAaPQ 801 1$bMiAaPQ 801 2$bMiAaPQ 906 $aBOOK 912 $a9910794236803321 996 $aRed crew$93819749 997 $aUNINA